|
|
|
|
| LEADER |
00993naa a2200205 i 4500 |
| 001 |
acta82958 |
| 005 |
20240111094942.0 |
| 008 |
240111s2018 hu o 1|| hun d |
| 040 |
|
|
|a SZTE Egyetemi Kiadványok Repozitórium
|b hun
|
| 041 |
|
|
|a hun
|
| 100 |
1 |
|
|a Bárdonicsek Dominika
|
| 245 |
1 |
0 |
|a Női "tetoválóművészet" a Gulágon
|h [elektronikus dokumentum] :
|b [absztrakt] /
|c Bárdonicsek Dominika
|
| 260 |
|
|
|c 2018
|
| 300 |
|
|
|a 47
|
| 490 |
0 |
|
|a Móra Kárpát-medencei Interdiszciplináris Szakkollégiumi Konferencia
|v 2
|
| 650 |
|
4 |
|a Bölcsészettudományok
|
| 650 |
|
4 |
|a Történettudomány és régészet
|
| 695 |
|
|
|a Tetoválás - Szovjetunió - előadáskivonat, Internáló tábor - Szovjetunió - előadáskivonat, Büntetőtábor - Szovjetunió - előadáskivonat
|
| 711 |
|
|
|a II. Móra Interdiszciplináris Kárpát-medencei Szakkollégiumi Konferencia
|c Szeged
|d 2018. november 30.-december 2.
|
| 856 |
4 |
0 |
|u http://acta.bibl.u-szeged.hu/82958/1/morakonf_2018_047.pdf
|z Dokumentum-elérés
|